[Event "Mundial Juvenil femenino 2005 s18"]
[Site "Belfort FRA"]
[Date "2005.07.19"]
[Round "1.6"]
[White "Vinuthna, N."]
[Black "Isgandarova, Khayala"]
[Result "1/2-1/2"]
[WhiteElo "2268"]
[BlackElo "2037"]
[PlyCount "154"]
[EventDate "2005.07.19"]
[EventType "swiss"]
[EventRounds "11"]
[EventCountry "FRA"]
[Source "lmi"]
[SourceDate "2005.07.31"]

1. e4 e6 2. d4 d5 3. exd5 exd5 4. c4 Nf6 5. Nc3 Be7 6. Nf3 O-O 7. cxd5 Nxd5 8.
Bd3 Nc6 9. O-O Bg4 10. h3 Bxf3 11. Qxf3 Ndb4 12. d5 Ne5 13. Bxh7+ Kxh7 14. Qh5+
Kg8 15. Qxe5 Bf6 16. Qe4 Bxc3 17. bxc3 Nxd5 18. c4 Nb6 19. Qxb7 Nxc4 20. Bf4
Nd6 21. Qc6 Qf6 22. Bg3 Rfc8 23. Rac1 Rab8 24. Rfd1 Qe6 25. Qa6 Rb6 26. Qxa7
Nb5 27. Qa4 c5 28. Qc4 Qf6 29. Bh4 Qg6 30. Rd8+ Rxd8 31. Bxd8 Rb8 32. Qxc5 Qa6
33. Qd5 Qa8 34. Rc5 Rxd8 35. Qxa8 Rxa8 36. Rxb5 Rxa2 37. Rf5 g6 38. Rf3 Kg7 39.
Kh2 Rb2 40. Kg3 Rb4 41. Rf4 Rb3+ 42. Kg4 Rb5 43. g3 Ra5 44. Kf3 Rb5 45. h4 Ra5
46. g4 Rb5 47. g5 Ra5 48. Kg4 Ra1 49. Re4 Rb1 50. f3 Ra1 51. Kf4 Ra5 52. Rd4
Rb5 53. Re4 Ra5 54. Kg4 Ra1 55. Re2 Rg1+ 56. Kf4 Rh1 57. Kg3 Rg1+ 58. Rg2 Rh1
59. Kg4 Ra1 60. Rh2 Ra4+ 61. f4 Ra5 62. h5 gxh5+ 63. Kxh5 Rf5 64. Kg4 Ra5 65.
f5 Ra4+ 66. Kh5 Ra5 67. f6+ Kh7 68. Kg4+ Kg8 69. Re2 Kh7 70. Rh2+ Kg8 71. Kh5
Kh7 72. Rd2 Ra1 73. Kg4 Kg6 74. Rd5 Rg1+ 75. Kf4 Rf1+ 76. Ke4 Rg1 77. Kf4 Rf1+
1/2-1/2

[Event "Mundial Juvenil femenino 2005 s18"]
[Site "Belfort FRA"]
[Date "2005.07.19"]
[Round "1.7"]
[White "Maupin, Valerie"]
[Black "Hoang, Thi Bao Tram"]
[Result "0-1"]
[WhiteElo "1996"]
[BlackElo "2267"]
[PlyCount "108"]
[EventDate "2005.07.19"]
[EventType "swiss"]
[EventRounds "11"]
[EventCountry "FRA"]
[Source "lmi"]
[SourceDate "2005.07.31"]

1. d4 Nf6 2. c4 c6 3. Nc3 d5 4. Nf3 dxc4 5. a4 e6 6. e3 c5 7. Bxc4 Nc6 8. O-O
cxd4 9. exd4 Be7 10. Bg5 O-O 11. Qd2 b6 12. Rad1 Bb7 13. d5 Na5 14. Ba2 Nxd5
15. Nxd5 Bxg5 16. Nxg5 Bxd5 17. Bxd5 exd5 18. Qxd5 Qf6 19. b4 Nc6 20. Ne4 Qg6
21. b5 Ne7 22. Qb7 Nf5 23. Rd7 Rac8 24. Qd5 Rc2 25. Qd3 Ra2 26. Qb3 Re2 27. Ng3
Re7 28. Rxe7 Nxe7 29. Qf3 Qc2 30. Qb7 Nc8 31. Qe4 Qxe4 32. Nxe4 Rd8 33. Rc1 Ne7
34. f3 Rd7 35. a5 f5 36. Ng3 bxa5 37. Ra1 g6 38. Rxa5 Nd5 39. Ne2 Ne3 40. Kf2
Nd1+ 41. Ke1 Nb2 42. Ra1 Kf7 43. Nc3 Kf6 44. Ke2 Ke5 45. Rb1 Nc4 46. Rb4 Kd4
47. Na4 Re7+ 48. Kd1 Kd5 49. g4 fxg4 50. fxg4 Nb6 51. Kd2 Re4 52. Rxe4 Kxe4 53.
Kc3 Kd5 54. Kb4 Kd4 0-1

[Event "Mundial Juvenil femenino 2005 s18"]
[Site "Belfort FRA"]
[Date "2005.07.19"]
[Round "1.8"]
[White "Vega Gutierrez, Sabrina"]
[Black "Iza Abete, Amaia"]
[Result "1-0"]
[WhiteElo "2262"]
[BlackElo "1992"]
[PlyCount "51"]
[EventDate "2005.07.19"]
[EventType "swiss"]
[EventRounds "11"]
[EventCountry "FRA"]
[Source "lmi"]
[SourceDate "2005.07.31"]

1. e4 e5 2. Nf3 Nc6 3. d4 exd4 4. Nxd4 Bc5 5. Nb3 Bb6 6. a4 a6 7. Nc3 d6 8. Nd5
Ba7 9. Bd3 Be6 10. O-O Nge7 11. c4 Ng6 12. Kh1 Nge5 13. Be2 h5 14. f3 Qd7 15.
Bg5 h4 16. f4 h3 17. g3 Ng4 18. f5 Bxd5 19. exd5 Nf2+ 20. Rxf2 Bxf2 21. dxc6
bxc6 22. Bg4 Kf8 23. f6 Qe8 24. fxg7+ Kxg7 25. Qf3 Qe5 26. Bd2 1-0

[Event "Mundial Juvenil femenino 2005 s18"]
[Site "Belfort FRA"]
[Date "2005.07.19"]
[Round "1.9"]
[White "Hanova, Gulnar"]
[Black "Pourkashiyan, Atousa"]
[Result "0-1"]
[WhiteElo "1988"]
[BlackElo "2261"]
[PlyCount "82"]
[EventDate "2005.07.19"]
[EventType "swiss"]
[EventRounds "11"]
[EventCountry "FRA"]
[Source "lmi"]
[SourceDate "2005.07.31"]

1. d4 d5 2. e3 Nf6 3. Bd3 e6 4. Nf3 c5 5. b3 Nc6 6. a3 Be7 7. Bb2 O-O 8. O-O b6
9. Nbd2 Bb7 10. Rc1 Rc8 11. c4 Bd6 12. Bb1 Qe7 13. Qc2 cxd4 14. cxd5 Ne5 15.
Qd1 Rxc1 16. Qxc1 Rc8 17. Qd1 Nxf3+ 18. Nxf3 Bxd5 19. Nxd4 Bxa3 20. Nf5 exf5
21. Bxf6 Qe6 22. Bd4 Bxb3 23. Bxf5 Bxd1 24. Bxe6 Rc1 25. Bd5 Kf8 26. e4 Bg4 27.
Rxc1 Bxc1 28. Be5 Ba3 29. f4 f6 30. Bb8 a5 31. h3 Bd7 32. e5 Ke7 33. Bc7 Bc5+
34. Kh2 a4 35. g4 b5 36. Kg2 b4 37. f5 b3 38. e6 Bc6 39. Bxc6 a3 40. Ba5 b2 41.
Be4 a2 0-1

[Event "Mundial Juvenil femenino 2005 s18"]
[Site "Belfort FRA"]
[Date "2005.07.19"]
[Round "1.10"]
[White "Szczepkowska, Karina"]
[Black "Mezioud, Amina"]
[Result "1/2-1/2"]
[WhiteElo "2245"]
[BlackElo "1984"]
[PlyCount "78"]
[EventDate "2005.07.19"]
[EventType "swiss"]
[EventRounds "11"]
[EventCountry "FRA"]
[Source "lmi"]
[SourceDate "2005.07.31"]

1. f4 d5 2. b3 c5 3. Bb2 Nc6 4. Nf3 e6 5. e3 Bd7 6. Bb5 Nge7 7. O-O f6 8. Qe2
Qc7 9. d3 a6 10. Bxc6 Nxc6 11. c4 dxc4 12. dxc4 O-O-O 13. Nc3 Be8 14. Rad1 Bh5
15. Rxd8+ Nxd8 16. Rd1 Be7 17. f5 Qc6 18. fxe6 Nxe6 19. Nd5 Re8 20. Qd3 Bg6 21.
Qd2 Bd8 22. b4 Kb8 23. bxc5 Qxc5 24. Qc1 Be4 25. Ba3 Qc6 26. Rd2 Ba5 27. Rd1
Ka8 28. Nd4 Nxd4 29. Rxd4 Bc7 30. Qd1 Ka7 31. g3 Bb6 32. Nxb6 Qxb6 33. Kf2 Bc6
34. Qh5 Qb1 35. Rd2 Qe4 36. Bc5+ Kb8 37. Qh4 Qg2+ 38. Ke1 Qh1+ 39. Kf2 Qg2+
1/2-1/2

[Event "Mundial Juvenil femenino 2005 s18"]
[Site "Belfort FRA"]
[Date "2005.07.19"]
[Round "1.11"]
[White "Sischy, Monique Sian"]
[Black "Borosova, Zuzana"]
[Result "0-1"]
[WhiteElo "1974"]
[BlackElo "2222"]
[PlyCount "110"]
[EventDate "2005.07.19"]
[EventType "swiss"]
[EventRounds "11"]
[EventCountry "FRA"]
[Source "lmi"]
[SourceDate "2005.07.31"]

1. e4 e5 2. Bc4 Nc6 3. Nf3 Bc5 4. O-O Nf6 5. d3 d6 6. c3 O-O 7. Nbd2 a6 8. Bb3
Ba7 9. h3 Nh5 10. Re1 Qf6 11. Nf1 h6 12. Ne3 Nf4 13. Nd5 Nxd5 14. Bxd5 Ne7 15.
Bb3 Ng6 16. d4 Be6 17. Be3 Nf4 18. Bxe6 fxe6 19. dxe5 dxe5 20. Bxa7 Rxa7 21.
Re3 Raa8 22. Qb3 b6 23. Kh2 Rf7 24. Rd1 Raf8 25. Qa4 Nxg2 26. Kxg2 Qg6+ 27. Kf1
Rxf3 28. Rxf3 Rxf3 29. Rd8+ Kh7 30. Qe8 Qf6 31. Qh8+ Kg6 32. Qe8+ Kg5 33. Rd2
Kh4 34. Qd8 Rxf2+ 35. Kg1 Rxd2 36. Qxd2 Qg5+ 37. Qg2 h5 38. Kh2 Qxg2+ 39. Kxg2
g5 40. a3 g4 41. hxg4 Kxg4 42. c4 Kf4 43. b4 Kxe4 44. Kg3 Kd3 45. c5 e4 46. Kf4
e3 47. Ke5 e2 48. Kxe6 e1=Q+ 49. Kd7 Qe5 50. Kc6 bxc5 51. bxc5 Kc4 52. Kb7 Kxc5
53. a4 Qb2+ 54. Kc8 Kc6 55. Kd8 Qf6+ 0-1

[Event "Mundial Juvenil femenino 2005 s18"]
[Site "Belfort FRA"]
[Date "2005.07.19"]
[Round "1.12"]
[White "Majdan, Joanna"]
[Black "Kazakevich, Anastasia"]
[Result "1-0"]
[WhiteElo "2219"]
[BlackElo "1960"]
[PlyCount "89"]
[EventDate "2005.07.19"]
[EventType "swiss"]
[EventRounds "11"]
[EventCountry "FRA"]
[Source "lmi"]
[SourceDate "2005.07.31"]

1. e4 c5 2. Nf3 e6 3. d4 cxd4 4. Nxd4 a6 5. Bd3 Nc6 6. Be3 Qc7 7. O-O Nf6 8.
Qe2 b5 9. a4 b4 10. c3 bxc3 11. Nxc3 Bb7 12. Rac1 Nxd4 13. Bxd4 Qd8 14. Qe3 Be7
15. f4 d6 16. Rfd1 O-O 17. Bxf6 gxf6 18. f5 Kh8 19. Bb1 Rc8 20. Kh1 Rg8 21. Rc2
Rg5 22. Rf2 Qa5 23. Ba2 d5 24. Rff1 Bc5 25. Qh3 d4 26. Rf4 e5 27. Rh4 Rg7 28.
Ne2 Qxa4 29. Bb3 Qc6 30. Ng3 Kg8 31. Nh5 Rg5 32. Bd5 Qa4 33. b3 Qb5 34. Nxf6+
Kf8 35. Nxh7+ Ke7 36. f6+ Kd6 37. Nxg5 Bxd5 38. Qxc8 Qxb3 39. Qd8+ Kc6 40.
exd5+ Kb5 41. Qe8+ Kb4 42. Qb8+ Ka3 43. Ra1+ Kb2 44. Rb1+ Kxb1 45. Qxb3+ 1-0

[Event "Mundial Juvenil femenino 2005 s18"]
[Site "Belfort FRA"]
[Date "2005.07.19"]
[Round "1.13"]
[White "Smith, Olivia"]
[Black "Schneider, Veronika"]
[Result "0-1"]
[WhiteElo "1955"]
[BlackElo "2215"]
[PlyCount "92"]
[EventDate "2005.07.19"]
[EventType "swiss"]
[EventRounds "11"]
[EventCountry "FRA"]
[Source "lmi"]
[SourceDate "2005.07.31"]

1. e4 c5 2. Nf3 e6 3. d4 cxd4 4. Nxd4 a6 5. Bd3 Bc5 6. Nb3 Be7 7. Nc3 d6 8. O-O
Nf6 9. Kh1 Nbd7 10. f4 Qc7 11. Qe1 g6 12. Nd4 b6 13. Nf3 Bb7 14. Bd2 h5 15. e5
Ng4 16. exd6 Qxd6 17. Ne4 Qc6 18. Bc3 Rh7 19. h3 Nc5 20. Nxc5 Bxc5 21. Bd2 Nf6
22. Qe2 h4 23. Ne5 Qd5 24. Ng4 Nh5 25. Be1 Be7 26. Kh2 Kf8 27. Ne5 Rg7 28. Bc4
Qe4 29. Nd7+ Ke8 30. Nxb6 Rd8 31. Bxa6 Qxe2 32. Bxe2 Rd4 33. Bc3 Rxf4 34. Rxf4
Nxf4 35. Bxg7 Nxe2 36. Be5 f6 37. Re1 Ba6 38. c4 fxe5 39. Rxe2 Bd8 40. Na4 Bxc4
41. Re4 Bxa2 42. Kg1 Bb3 43. Nc3 Bb6+ 44. Kf1 Bd4 45. Rxh4 Kd7 46. Rh7+ Kd6 0-1

[Event "Mundial Juvenil femenino 2005 s18"]
[Site "Belfort FRA"]
[Date "2005.07.19"]
[Round "1.15"]
[White "Brekke, Jorunn Marie"]
[Black "Raeva, Elitsa"]
[Result "0-1"]
[WhiteElo "1945"]
[BlackElo "2191"]
[PlyCount "78"]
[EventDate "2005.07.19"]
[EventType "swiss"]
[EventRounds "11"]
[EventCountry "FRA"]
[Source "lmi"]
[SourceDate "2005.07.31"]

1. d4 d5 2. c4 e6 3. Nc3 c6 4. Nf3 Nf6 5. Bg5 Bb4 6. a3 Bxc3+ 7. bxc3 Qa5 8.
Qb3 Ne4 9. Qb4 Qxb4 10. cxb4 dxc4 11. Bf4 b5 12. g3 Bb7 13. Bg2 Nd7 14. Ne5
Ndf6 15. Rc1 Rd8 16. f3 Nd6 17. Bg5 h6 18. Bxf6 gxf6 19. Ng4 Ke7 20. e3 Ra8 21.
O-O h5 22. Nf2 a5 23. Ra1 Nf5 24. Rfe1 Ra7 25. g4 hxg4 26. fxg4 Nh4 27. Bh1 f5
28. e4 fxg4 29. Nxg4 Rd8 30. Red1 Rg8 31. h3 f5 32. exf5 exf5 33. d5 cxd5 34.
Bxd5 Bxd5 35. Rxd5 fxg4 36. Rxb5 gxh3+ 37. Kh2 Nf3+ 38. Kxh3 Ke6 39. Rb6+ Ke5
0-1

[Event "Mundial Juvenil femenino 2005 s18"]
[Site "Belfort FRA"]
[Date "2005.07.19"]
[Round "1.16"]
[White "Ross, Laura"]
[Black "Gjorgjieva, Ivana"]
[Result "1-0"]
[WhiteElo "2170"]
[BlackElo "1926"]
[PlyCount "93"]
[EventDate "2005.07.19"]
[EventType "swiss"]
[EventRounds "11"]
[EventCountry "FRA"]
[Source "lmi"]
[SourceDate "2005.07.31"]

1. e4 e5 2. Nf3 Nc6 3. Bb5 a6 4. Ba4 Nf6 5. O-O Be7 6. Re1 b5 7. Bb3 d6 8. a4
Bg4 9. c3 Na5 10. Bc2 c5 11. Qe2 c4 12. axb5 axb5 13. d4 Qc7 14. h3 Bxf3 15.
Qxf3 O-O 16. Be3 Rfe8 17. Nd2 Bf8 18. Nf1 Qe7 19. Ng3 g6 20. Bg5 Bg7 21. Qe3
Qb7 22. d5 Nd7 23. h4 f6 24. Bh6 Nc5 25. h5 Bxh6 26. Qxh6 Qg7 27. Qe3 Nab3 28.
Rab1 Reb8 29. f4 b4 30. hxg6 hxg6 31. f5 g5 32. Nh5 Qh6 33. g4 Kf7 34. Re2 bxc3
35. bxc3 Rh8 36. Rh2 Qf8 37. Bd1 Qe8 38. Be2 Ra4 39. Bf1 Qa8 40. Re1 Qa5 41.
Rh3 Qb5 42. Re2 Raa8 43. Reh2 Na4 44. Nxf6 Rxh3 45. Qxh3 Kxf6 46. Qh6+ Ke7 47.
Qg7+ 1-0

[Event "Mundial Juvenil femenino 2005 s18"]
[Site "Belfort FRA"]
[Date "2005.07.19"]
[Round "1.17"]
[White "Paulauskaite, Gintare"]
[Black "Swaminathan, Soumya"]
[Result "0-1"]
[WhiteElo "1881"]
[BlackElo "2166"]
[PlyCount "74"]
[EventDate "2005.07.19"]
[EventType "swiss"]
[EventRounds "11"]
[EventCountry "FRA"]
[Source "lmi"]
[SourceDate "2005.07.31"]

1. e4 c5 2. Nf3 e6 3. d4 cxd4 4. Nxd4 a6 5. Nc3 Qc7 6. Be2 Nf6 7. O-O b5 8. a3
Bb7 9. Qd3 Nc6 10. Nxc6 Bxc6 11. f4 d6 12. Bf3 Rc8 13. f5 Be7 14. g4 Nd7 15.
Bf4 O-O 16. Rad1 Ne5 17. Bxe5 dxe5 18. Kh1 Be8 19. Be2 Bc6 20. Qg3 b4 21. axb4
Bxb4 22. f6 Bxc3 23. bxc3 Bxe4+ 24. Bf3 Bxc2 25. fxg7 Kxg7 26. Qh4 Bg6 27. g5
Qxc3 28. Qh6+ Kg8 29. Bh5 Qc6+ 30. Kg1 Qb6+ 31. Kh1 Rc4 32. Bxg6 Qc6+ 33. Kg1
Rg4+ 34. Kf2 Qg2+ 35. Ke3 hxg6 36. Rf3 Qc2 37. Rd3 e4 0-1

[Event "Mundial Juvenil femenino 2005 s18"]
[Site "Belfort FRA"]
[Date "2005.07.19"]
[Round "1.18"]
[White "Stojanovic, Andjelija"]
[Black "Dierckens, Sarah"]
[Result "1-0"]
[WhiteElo "2162"]
[BlackElo "1851"]
[PlyCount "83"]
[EventDate "2005.07.19"]
[EventType "swiss"]
[EventRounds "11"]
[EventCountry "FRA"]
[Source "lmi"]
[SourceDate "2005.07.31"]

1. e4 e6 2. b3 c5 3. Bb2 d5 4. Qe2 dxe4 5. Nc3 Nc6 6. Nxe4 b6 7. Nf3 Bb7 8.
O-O-O Qc7 9. Kb1 Nge7 10. d4 cxd4 11. Nxd4 Nxd4 12. Rxd4 Nf5 13. Rd1 Be7 14.
Ng3 Nh4 15. Bxg7 Rg8 16. Be5 Qc6 17. f3 Rc8 18. Qb5 Rg5 19. Qxc6+ Bxc6 20. Bf4
Rc5 21. c4 Nxf3 22. gxf3 Bxf3 23. Be2 Bxh1 24. Rxh1 Rd8 25. Kc2 Bf6 26. Ne4 Rf5
27. Nxf6+ Rxf6 28. Bg5 Rf2 29. Bxd8 Rxe2+ 30. Kd3 Rxa2 31. Bf6 Rf2 32. Bd4 Rf3+
33. Kc2 Rh3 34. Be5 Re3 35. Bb8 Kd7 36. Bxa7 Kc6 37. Rf1 f5 38. Bb8 Kc5 39. Bf4
Re4 40. Bg3 Kb4 41. Bd6+ Ka5 42. Ra1# 1-0

[Event "Mundial Juvenil femenino 2005 s18"]
[Site "Belfort FRA"]
[Date "2005.07.19"]
[Round "1.19"]
[White "Kim, Irina"]
[Black "Gilbert, Jessie"]
[Result "0-1"]
[WhiteElo "1842"]
[BlackElo "2151"]
[PlyCount "32"]
[EventDate "2005.07.19"]
[EventType "swiss"]
[EventRounds "11"]
[EventCountry "FRA"]
[Source "lmi"]
[SourceDate "2005.07.31"]

1. e4 c6 2. Nc3 d5 3. d4 dxe4 4. Nxe4 Nf6 5. Ng3 Qc7 6. Nf3 Bg4 7. h3 Bxf3 8.
Qxf3 e6 9. Bd3 Bd6 10. c3 Nbd7 11. O-O h6 12. Re1 g5 13. Nf5 Bh2+ 14. Kh1 O-O-O
15. Ng3 g4 16. Qf4 Bxg3 0-1

[Event "Mundial Juvenil femenino 2005 s18"]
[Site "Belfort FRA"]
[Date "2005.07.19"]
[Round "1.20"]
[White "Morales Mendoza, Luciana"]
[Black "Fairley, Natasha"]
[Result "1-0"]
[WhiteElo "2149"]
[BlackElo "1753"]
[PlyCount "71"]
[EventDate "2005.07.19"]
[EventType "swiss"]
[EventRounds "11"]
[EventCountry "FRA"]
[Source "lmi"]
[SourceDate "2005.07.31"]

1. e4 e5 2. d4 exd4 3. Nf3 Bc5 4. Bc4 Ne7 5. O-O h6 6. Ne5 O-O 7. Qh5 d5 8.
exd5 Bd6 9. Re1 Nd7 10. Nxd7 Bxd7 11. Bd3 f5 12. c4 Rf6 13. Nd2 c5 14. b4 b6
15. Nb3 Qc7 16. bxc5 bxc5 17. f4 Ng6 18. g3 Raf8 19. Bd2 Ne7 20. Rab1 Rb8 21.
Rbc1 Be8 22. Qf3 Qd7 23. Bb1 Nc8 24. Na5 Rb2 25. Rc2 Rxc2 26. Bxc2 Nb6 27. Qe2
Rf8 28. Nc6 Bg6 29. Bd3 Re8 30. Ne5 Qa4 31. Qf1 Bh7 32. Nc6 Rxe1 33. Qxe1 Bf8
34. Qe8 Qd1+ 35. Bf1 Qxd2 36. Ne7+ 1-0

[Event "Mundial Juvenil femenino 2005 s18"]
[Site "Belfort FRA"]
[Date "2005.07.20"]
[Round "2.1"]
[White "Zawadzka, Jolanta"]
[Black "Morales Mendoza, Luciana"]
[Result "1-0"]
[WhiteElo "2402"]
[BlackElo "2149"]
[PlyCount "65"]
[EventDate "2005.07.19"]
[EventType "swiss"]
[EventRounds "11"]
[EventCountry "FRA"]
[Source "lmi"]
[SourceDate "2005.07.31"]

1. e4 e6 2. d4 d5 3. Nc3 Nf6 4. Bg5 dxe4 5. Nxe4 Be7 6. Bxf6 Bxf6 7. c3 O-O 8.
f4 Nd7 9. Nf3 Be7 10. Qc2 c5 11. O-O-O Qc7 12. g3 Rb8 13. Neg5 Nf6 14. Bd3 h6
15. h4 b5 16. Ne5 Bd6 17. dxc5 Bxe5 18. fxe5 Ng4 19. Bh7+ Kh8 20. Bg8 f5 21.
exf6 Nxf6 22. Bxe6 Bb7 23. Rh2 Qxg3 24. Nf7+ Rxf7 25. Bxf7 Ng4 26. Rhd2 Qf4 27.
Qg6 Rf8 28. c6 Bc8 29. Bb3 Ne3 30. Rg1 Nf5 31. Re1 Ne3 32. Qd6 Qf3 33. Rxe3 1-0

[Event "Mundial Juvenil femenino 2005 s18"]
[Site "Belfort FRA"]
[Date "2005.07.20"]
[Round "2.2"]
[White "Gilbert, Jessie"]
[Black "Batkhuyag, Munguntuul"]
[Result "*"]
[WhiteElo "2151"]
[BlackElo "2391"]
[PlyCount "115"]
[EventDate "2005.07.19"]
[EventType "swiss"]
[EventRounds "11"]
[EventCountry "FRA"]
[Source "lmi"]
[SourceDate "2005.07.31"]

1. d4 Nf6 2. c4 g6 3. Nc3 Bg7 4. e4 d6 5. f3 O-O 6. Bg5 c5 7. d5 h6 8. Be3 a6
9. Qd2 Kh7 10. a4 Qa5 11. Ra3 Nbd7 12. Nh3 Ne5 13. Nf2 e6 14. Be2 exd5 15. cxd5
Rb8 16. O-O Re8 17. f4 Neg4 18. Nxg4 Bxg4 19. Bd3 Qc7 20. f5 Qe7 21. Bf2 b5 22.
axb5 axb5 23. Nxb5 c4 24. Ra7 Qf8 25. fxg6+ fxg6 26. Bd4 Re7 27. Bxc4 Rxa7 28.
Nxa7 Nxe4 29. Qd3 Bxd4+ 30. Qxd4 Qg7 31. Qxg7+ Kxg7 32. Rf4 Bf5 33. g4 Ng5 34.
Bf1 Be4 35. b4 Rxb4 36. Nc6 Rb1 37. Kf2 Bxd5 38. Ne7 Bb7 39. h4 Ne6 40. Ra4 Kf7
41. Nxg6 Rb2+ 42. Ke3 Kxg6 43. Bd3+ Kf6 44. Bf5 Rb3+ 45. Kf2 d5 46. Ra5 Nd4 47.
Bd7 Ke7 48. Ba4 Rb4 49. Bd1 Kf6 50. Ke3 Ke5 51. Rc5 Ne6 52. Ra5 Re4+ 53. Kd2
Rd4+ 54. Kc2 Bc6 55. Bf3 Rf4 56. Be2 Nd4+ 57. Kd1 Nxe2 58. Ra1 *

[Event "Mundial Juvenil femenino 2005 s18"]
[Site "Belfort FRA"]
[Date "2005.07.20"]
[Round "2.3"]
[White "Kovanova, Baira"]
[Black "Savurko, Alexandra"]
[Result "1-0"]
[WhiteElo "2321"]
[BlackElo "2138"]
[PlyCount "83"]
[EventDate "2005.07.19"]
[EventType "swiss"]
[EventRounds "11"]
[EventCountry "FRA"]
[Source "lmi"]
[SourceDate "2005.07.31"]

1. e4 c5 2. Nf3 Nc6 3. d3 g6 4. g3 Bg7 5. Bg2 e5 6. O-O Nge7 7. Be3 d6 8. Nc3
O-O 9. Ne2 Nd4 10. c3 Nxf3+ 11. Bxf3 Be6 12. Bg2 Rc8 13. f4 Qd7 14. Qd2 Bg4 15.
Rae1 d5 16. fxe5 dxe4 17. d4 Rfd8 18. Nc1 cxd4 19. cxd4 Nf5 20. Nb3 Nxe3 21.
Qxe3 Be6 22. Kh1 Qa4 23. Rd1 Qxa2 24. Nc5 Qxb2 25. Bxe4 b6 26. Rd2 Qb5 27. Rb1
Qc4 28. Nb7 Rd5 29. Nd6 Qc3 30. Rd3 Qc2 31. Rdb3 Qc7 32. Nxc8 Qxc8 33. Rc3 Qa6
34. Rbc1 Ra5 35. d5 Bxe5 36. dxe6 Bxc3 37. e7 Re5 38. Qxc3 Rxe4 39. Qc8+ Qxc8
40. Rxc8+ Kg7 41. e8=Q Rxe8 42. Rxe8 1-0

[Event "Mundial Juvenil femenino 2005 s18"]
[Site "Belfort FRA"]
[Date "2005.07.20"]
[Round "2.5"]
[White "Melia, Salome"]
[Black "Cochet, Caroline"]
[Result "1-0"]
[WhiteElo "2305"]
[BlackElo "2136"]
[PlyCount "55"]
[EventDate "2005.07.19"]
[EventType "swiss"]
[EventRounds "11"]
[EventCountry "FRA"]
[Source "lmi"]
[SourceDate "2005.07.31"]

1. e4 c5 2. Nf3 Nc6 3. Bb5 g6 4. Bxc6 dxc6 5. d3 Bg7 6. O-O e5 7. Nbd2 Qe7 8.
Nc4 Bg4 9. h3 Bxf3 10. Qxf3 Nf6 11. a3 Nd7 12. b4 cxb4 13. axb4 O-O 14. Ba3 f5
15. b5 c5 16. exf5 e4 17. Rae1 gxf5 18. dxe4 fxe4 19. Qxe4 Qxe4 20. Rxe4 Rae8
21. Rfe1 Rxe4 22. Rxe4 Bd4 23. Rg4+ Kf7 24. Rf4+ Ke6 25. Rxf8 Nxf8 26. Na5 a6
27. Nxb7 axb5 28. Nxc5+ 1-0

[Event "Mundial Juvenil femenino 2005 s18"]
[Site "Belfort FRA"]
[Date "2005.07.20"]
[Round "2.8"]
[White "Pourkashiyan, Atousa"]
[Black "Martirosyan, Lia"]
[Result "1/2-1/2"]
[WhiteElo "2261"]
[BlackElo "2120"]
[PlyCount "123"]
[EventDate "2005.07.19"]
[EventType "swiss"]
[EventRounds "11"]
[EventCountry "FRA"]
[Source "lmi"]
[SourceDate "2005.07.31"]

1. e4 c6 2. d4 d5 3. exd5 cxd5 4. Bd3 Nc6 5. c3 Qc7 6. Bg5 e5 7. dxe5 Qxe5+ 8.
Qe2 Qxe2+ 9. Nxe2 Be7 10. Bxe7 Ngxe7 11. Nd2 O-O 12. O-O-O Bg4 13. f3 Bf5 14.
Nb3 Rad8 15. Nbd4 Bxd3 16. Rxd3 Rfe8 17. Nf4 Nxd4 18. Rxd4 g5 19. Nh5 Rd6 20.
Re1 Kf8 21. Rd2 Nf5 22. Rxe8+ Kxe8 23. Re2+ Ne7 24. Kc2 Kd7 25. Ng3 Rc6 26. Rd2
Rd6 27. Kd3 f5 28. Ne2 f4 29. Nd4 Nc6 30. Re2 Rf6 31. Nxc6 bxc6 32. Kd4 Rf8 33.
Kc5 Rg8 34. b4 Rb8 35. a4 h6 36. Re5 Rc8 37. Re2 Rb8 38. Rd2 Re8 39. c4 Kc7 40.
cxd5 cxd5 41. Rc2 Rd8 42. Kd4+ Kb7 43. Re2 Rd6 44. Re7+ Kb6 45. Re2 a6 46. Rc2
Kb7 47. g3 Rb6 48. Rc3 fxg3 49. hxg3 Rf6 50. Re3 h5 51. Kc5 h4 52. gxh4 gxh4
53. Re7+ Kb8 54. Rh7 Rf4 55. Rh8+ Kb7 56. Rh7+ Kb8 57. b5 axb5 58. axb5 d4 59.
Kc4 Rxf3 60. Kxd4 Rf4+ 61. Kc5 Rf5+ 62. Kb6 1/2-1/2

[Event "Mundial Juvenil femenino 2005 s18"]
[Site "Belfort FRA"]
[Date "2005.07.20"]
[Round "2.9"]
[White "Borosova, Zuzana"]
[Black "Markantonaki, Haritomeni"]
[Result "1-0"]
[WhiteElo "2222"]
[BlackElo "2115"]
[PlyCount "121"]
[EventDate "2005.07.19"]
[EventType "swiss"]
[EventRounds "11"]
[EventCountry "FRA"]
[Source "lmi"]
[SourceDate "2005.07.31"]

1. e4 e5 2. Nf3 Nc6 3. Bc4 Bc5 4. c3 Qe7 5. O-O d6 6. d3 Nf6 7. Be3 Bb6 8. a4
a6 9. Bxb6 cxb6 10. Qb3 Qc7 11. Nbd2 O-O 12. Bd5 Ne7 13. d4 exd4 14. Nxd4 Nexd5
15. exd5 Qc5 16. Rfe1 Qxd5 17. Qxb6 Bg4 18. f3 Qg5 19. Nf1 Qc5 20. Qxc5 dxc5
21. fxg4 cxd4 22. g5 Nd5 23. Rad1 d3 24. Rxd3 Nf4 25. Rd7 b5 26. axb5 axb5 27.
Rb7 b4 28. cxb4 Nd3 29. Ree7 Ra2 30. Re3 Nf4 31. Re4 Ne6 32. Re2 g6 33. h4 Ra1
34. Rf2 Nd4 35. Kh2 Ra4 36. Ne3 Nc6 37. Ng4 Nd8 38. Rb8 Kg7 39. Ne5 Ra7 40. b5
Ra4 41. g3 Rb4 42. Nd7 Re8 43. Nf6 Rf8 44. b6 Ne6 45. Rxf8 Nxf8 46. Ne8+ Kg8
47. Nd6 Rxb6 48. Nxf7 Ne6 49. Nh6+ Kg7 50. Rf7+ Kh8 51. Re7 Rxb2+ 52. Kh3 Nf8
53. Ng4 Rb8 54. Ne5 Ra8 55. Kg4 Ra4+ 56. Kf3 Ra8 57. Ke4 Ra4+ 58. Kd5 Ra5+ 59.
Kc6 Ra8 60. Kb7 Rd8 61. Nf7+ 1-0

[Event "Mundial Juvenil femenino 2005 s18"]
[Site "Belfort FRA"]
[Date "2005.07.20"]
[Round "2.10"]
[White "Dauletova, Gulmira"]
[Black "Majdan, Joanna"]
[Result "1-0"]
[WhiteElo "2122"]
[BlackElo "2219"]
[PlyCount "69"]
[EventDate "2005.07.19"]
[EventType "swiss"]
[EventRounds "11"]
[EventCountry "FRA"]
[Source "lmi"]
[SourceDate "2005.07.31"]

1. e4 c5 2. Nf3 Nc6 3. d4 cxd4 4. Nxd4 g6 5. Nc3 Bg7 6. Be3 Nf6 7. Bc4 Qa5 8.
O-O O-O 9. Bb3 d6 10. h3 Bd7 11. f4 Rac8 12. Nf3 b5 13. e5 Ne8 14. Ng5 e6 15.
Nce4 h6 16. Nf3 Qb4 17. Qd3 d5 18. Nc3 Nc7 19. Nd4 Nxd4 20. Bxd4 Na6 21. Qe3
Rfe8 22. a4 Nc5 23. Na2 Qa5 24. Bxc5 bxa4 25. Bxa4 Qxa4 26. Nc3 Qxc2 27. Rxa7
Bc6 28. Rf2 Qb3 29. Ra3 Qb8 30. Bd6 Qb7 31. Ra7 Qb3 32. Ra3 Qb7 33. b4 Ra8 34.
Rfa2 Rac8 35. Ra7 1-0

[Event "Mundial Juvenil femenino 2005 s18"]
[Site "Belfort FRA"]
[Date "2005.07.20"]
[Round "2.11"]
[White "Schneider, Veronika"]
[Black "Stefan, Elisabeta-Elena"]
[Result "0-1"]
[WhiteElo "2215"]
[BlackElo "2105"]
[PlyCount "124"]
[EventDate "2005.07.19"]
[EventType "swiss"]
[EventRounds "11"]
[EventCountry "FRA"]
[Source "lmi"]
[SourceDate "2005.07.31"]

1. e4 e5 2. Nf3 Nc6 3. Nc3 Nf6 4. d4 exd4 5. Nxd4 Bb4 6. Nxc6 bxc6 7. Bd3 d5 8.
exd5 cxd5 9. O-O O-O 10. Bg5 c6 11. Na4 h6 12. Bh4 Re8 13. c4 Be6 14. Rc1 Qe7
15. a3 Bd6 16. Bg3 Bxg3 17. hxg3 dxc4 18. Bxc4 Rad8 19. Qf3 Bd5 20. Bxd5 cxd5
21. Rfd1 Ne4 22. Nc3 Qg5 23. Qf4 Qxf4 24. gxf4 Nxc3 25. Rxc3 Re2 26. b4 d4 27.
Rcd3 Ra2 28. R1d2 Ra1+ 29. Kh2 Rd5 30. Re2 f6 31. Re8+ Kf7 32. Ra8 Rd7 33. Rc8
Ke6 34. Kg3 g5 35. Rc5 Rd5 36. fxg5 hxg5 37. Rc6+ Ke5 38. Ra6 Ke4 39. Rd2 d3
40. Rxa7 Rc1 41. Re7+ Kd4 42. Re3 Kc3 43. Ra2 Rc2 44. Ra1 Kb2 45. Rd1 d2 46.
Re2 Rc3+ 47. f3 Kc2 48. Ra1 Kd3 49. Rf2 Rc1 50. Rf1 Rxf1 51. Rxf1 Kc2 52. f4
d1=Q 53. Rxd1 Rxd1 54. fxg5 fxg5 55. b5 Rd5 56. a4 Kb3 57. Kg4 Kxa4 58. b6 Rb5
59. g3 Kb4 60. b7 Rxb7 61. Kxg5 Rg7+ 62. Kf4 Kc5 0-1